000 00757nam a2200217 i 4500
001 69206
003 ES-MaACL
005 20231221152503.0
007 t|
008 040917s2003 sp ||||1| spa d
080 _a821.134.2-5"19"
100 1 _aAlcalá Zamora, Niceto,
_d1877-1949
_919473
245 1 0 _aDiscurso pronunciado /
_cpor D. Niceto Alcalá-Zamora en los Juegos florales de Sevilla el 12 de marzo de 1914.
260 _aSevilla :
_bAteneo de Sevilla,
_c[2003]
300 _a31 p. :
_b1 retr. ;
_c25 cm.
500 _aTit. tomado de la cubierta.
534 _pReprod. de la ed. de:
_c-- Madrid : Est. tip. Artes Gráficas, 1914.
710 2 _aAteneo de Sevilla.
_92028
852 _aES-MaACL
_j2180-F-8
_bR.133279
999 _c69206
_d69206